Les vainqueurs du trophée UEFA POTY - Statistiques

Statistiques générales
  • Ce quiz a été pris 100 fois
  • Le résultat moyen est 18 sur 25
Statistiques - réponses
Année Nationalité Vainqueur % Correct
1998 Brésil Ronaldo
94%
2014 Portugal Cristiano Ronaldo
90%
2016 Portugal Cristiano Ronaldo
90%
2017 Portugal Cristiano Ronaldo
90%
2011 Argentine Lionel Messi
90%
2015 Argentine Lionel Messi
90%
2018 Croatie Luka Modric
90%
2022 France Karim Benzema
89%
2012 Espagne Andrés Iniesta
88%
2020 Pologne Robert Lewandowski
88%
2008 Portugal Cristiano Ronaldo
86%
2009 Argentine Lionel Messi
86%
2019 Pays-Bas Virgil Van Dijk
86%
2013 France Franck Ribéry
84%
2002 France Zinédine Zidane
84%
2007 Brésil Kaka
82%
2006 Brésil Ronaldinho
78%
2021 Italie Jorginho
76%
1999 Angleterre David Beckham
51%
2003 Italie Gianluigi Buffon
50%
2004 Portugal Deco
49%
2005 Angleterre Steven Gerrard
41%
2010 Argentine Diego Milito
31%
2000 Argentine Fernando Redondo
8%
2001 Allemagne Stefan Effenberg
3%
Aucun quiz correspondant
Distribution des résultats
% des personnes avec chaque résultat
Percentile par nombre de réponses
Votre historique - résultats
Vous n’avez pas pris ce quiz